| 000 | 00548cam a22001814a 4500 | ||
|---|---|---|---|
| 001 | 15151808 | ||
| 005 | 20241028210236.0 | ||
| 008 | 080124m20042006gh a 000 0 eng | ||
| 020 | _a9988009445 (v. 1) | ||
| 020 | _a9988009453 (v. 2) | ||
| 050 | 0 | 0 |
_aKRX78.B87 _bA34 2004 |
| 100 | 1 |
_aAdjei-Mensah, K. _q(Kwadwo) |
|
| 245 | 1 | 0 |
_aPrinciples of business law / _cK. Adjei-Mensah. |
| 260 |
_a[Accra?] : _bHis Grace Publications, _c2004-2006. |
||
| 300 |
_axi, 441 pages, 2 v. : _bill. ; _c25 cm. |
||
| 650 | 0 |
_aCommercial law _zGhana. |
|
| 942 |
_2lcc _cBK _n0 |
||
| 999 |
_c329 _d329 |
||